| 000 | 00575nam a22001817a 4500 | ||
|---|---|---|---|
| 005 | 20240307145320.0 | ||
| 008 | 240307b |||||||| |||| 00| 0 eng d | ||
| 020 | _a9780702037405 | ||
| 082 |
_a617.632 _bCLI |
||
| 245 |
_aClinical Problem Solving in Periodontology & Implantology / _c[Editor] Francis J. Hughes , Shakeel Shahdad , Kevin G.Seymour. |
||
| 250 | _a1st ed. | ||
| 260 |
_aChina : _bElsevier ; _c2013 . |
||
| 300 |
_a186 p. : _bill ; _c30 cm . |
||
| 500 | _aInclude Index. | ||
| 650 | _aMedical / Dentistry | ||
| 700 | _aFrancis J. Hughes [Editor] | ||
| 999 |
_c35278 _d35278 |
||